La Facultad de Ciencias Jurídicas y Sociales en el año 1906 (Record no. 127781)

MARC details
000 -LEADER
campo de control de longitud fija 00430nam a2200133 4500
001 - NÚMERO DE CONTROL
campo de control 127781
003 - IDENTIFICADOR DE NÚMERO DE CONTROL
campo de control ES-MaACL
007 - CAMPO FIJO DE DESCRIPCIÓN FÍSICA--INFORMACIÓN GENERAL
campo de control de longitud fija t|
008 - DATOS DE LONGITUD FIJA--INFORMACIÓN GENERAL
campo de control de longitud fija 070214s1906 ag r ||||1| spa d
100 1# - ENTRADA PRINCIPAL--NOMBRE DE PERSONA
Nombre de persona Rivarola, Rodolfo.
9 (RLIN) 97546
245 13 - MENCIÓN DEL TÍTULO
Título La Facultad de Ciencias Jurídicas y Sociales en el año 1906
Resto del título : memoria /
Mención de responsabilidad, etc. redactada por el decano, Rodolfo Rivarola.
260 ## - PUBLICACIÓN, DISTRIBUCIÓN, ETC.
Lugar de publicación, distribución, etc. Buenos Aires :
Nombre del editor, distribuidor, etc. [s. n.],
Fecha de publicación, distribución, etc. 1906.
852 ## - LOCALIZACIÓN
Ubicación ES-MaACL
Número de control de estantería T-492-F-6
Holdings
Estatus retirado Estado de pérdida Estado de daño No para préstamo Colección Biblioteca de origen Biblioteca actual Ubicación en estantería Fecha de adquisición Fuente de adquisición Total de préstamos Signatura topográfica completa Código de barras Visto por última vez Precio de reemplazo Tipo de ítem Koha
        Colección de folletos Biblioteca del Ateneo de Madrid Biblioteca del Ateneo de Madrid Depósito folletos 17/01/2008     T-492-F-6 1133089 23/02/2023 23/02/2023 Folleto